Dobytie čínskeho draka

Stručná geograficko-ekonomická charakteristika Číny. História Číny. Ekonomické reformy. Kultúra a turistický ruch.

Gespeichert in:
Bibliographische Detailangaben
1. Verfasser: Ragáčová, Katarína
Format: Buchkapitel
Sprache:Slowakisch
Schlagworte:
Tags: Tag hinzufügen
Keine Tags, Fügen Sie das erste Tag hinzu!

MARC

LEADER 00000naa a2200000 4500
001 r046400
005 20230920080935.3
041 0 |a slo 
044 |a SK 
245 1 0 |a Dobytie čínskeho draka  |c Katarína Ragáčová 
520 |a Stručná geograficko-ekonomická charakteristika Číny. História Číny. Ekonomické reformy. Kultúra a turistický ruch. 
610 2 0 |a Čína 
610 2 0 |a situácia hospodárska 
610 2 0 |a história 
610 2 0 |a ruch cestovný 
610 2 0 |a reformy hospodárske 
100 1 |a Ragáčová, Katarína